000
00266nam a22001337a 4500
003
SGT
082
_a
340
_b
BIS
100
_a
BISWAS A R
245
_a
LAW DICTIONARY
250
_a
2
260
_a
CALCUTTA
_b
EASTERN LAW HOUSE
_c
1982
300
_a
694
942
_2
ddc
_c
BK
999
_c
25552
_d
25552